| 000 | 00329nam a2200121Ia 4500 | ||
|---|---|---|---|
| 008 | 230907s9999||||xx |||||||||||||| ||und|| | ||
| 082 |
_a621.433 _bHOR |
||
| 100 |
_aHorlock, J. H. _939951 |
||
| 245 | 0 | _aAdvanced gas turbine cycles / | |
| 260 |
_a[Pergamon], _bAmsterdam ; | Boston : _c2003 |
||
| 300 | _axx, 203 p. : | ||
| 942 | _cBK | ||
| 999 |
_c601180 _d601180 |
||